| 000 | 01074cpcaa2200277 a 4500 | ||
|---|---|---|---|
| 001 | mm 79001746 | ||
| 003 | DLC | ||
| 005 | 20260227111638.0 | ||
| 008 | 791120|||||||||||| eng | ||
| 010 | _amm 79001746 | ||
| 040 |
_aDLC _cDLC _edacs _dDLC |
||
| 072 | 7 |
_aC _2lcmd |
|
| 100 | 1 | _aShute, Lee. | |
| 245 | 0 | 0 |
_aLetter to Lee Shute, _f1828 May 19. |
| 300 |
_a1 _fitem. |
||
| 506 | 0 | _aOpen to research. | |
| 520 | 8 | _aLetter addressed to Shute in Nashville, Tenn., written by an unnamed cousin attending a girls' academy in Middletown, Conn., commenting on her progress there and family news. | |
| 546 | _aCollection material in English. | ||
| 580 | _aForms part of: Miscellaneous Manuscripts collection. | ||
| 600 | 3 | 0 | _aShute family. |
| 650 | 0 |
_aSchools _zConnecticut _zMiddletown. |
|
| 650 | 0 |
_aWomen _xEducation _zConnecticut. |
|
| 651 | 0 |
_aNashville (Tenn.) _xSocial life and customs. |
|
| 999 |
_c40905 _d40905 |
||